| 000 | 00563nam a22001697a 4500 | ||
|---|---|---|---|
| 999 |
_c13949 _d13949 |
||
| 008 | 190617b ||||| |||| 00| 0 eng d | ||
| 020 | _a0195094948 | ||
| 082 |
_21996 _aDC 332.042 _bM12 |
||
| 100 |
_aMcCallum, Bennett T. _938851 |
||
| 245 |
_aInternational monetary economics / _cBennett T. McCallum. |
||
| 260 |
_aNew York: _bOxford University Press, _c©19996. |
||
| 300 |
_aix, 270 pages; _c24 cm. |
||
| 500 | _aIncludes bibliography, references, and index. | ||
| 650 |
_aInternational Finance _938852 |
||
| 650 |
_aForeign exchange. _938853 |
||
| 942 |
_2ddc _cDC |
||